| 000 | 00693nam a2200217Ia 4500 | ||
|---|---|---|---|
| 001 | 11275 | ||
| 003 | GE_BSU | ||
| 008 | 181216s||||||||xx |||||||||||||| ||und|| | ||
| 040 | _cGE_BSU | ||
| 080 | _a663.2 | ||
| 100 | _aჩხეიძე,ზ. | ||
| 245 | _aმეღვინეობის ზოგიერთი საკითხი | ||
| 245 | _cრედ: ვ. ბურჯანაძე | ||
| 260 | _aთბილისი. | ||
| 260 | _bსაბჭოთა საქართველო. | ||
| 260 | _c1965 | ||
| 300 | _a163გვ.22სმ. | ||
| 300 | _eილ. | ||
| 653 | _aმეღვინეობის ზოგიერთი საკითხი | ||
| 942 | _cBK | ||
| 999 |
_c44477 _d44477 |
||